| 000 | 01346nam a22003617a 4500 | ||
|---|---|---|---|
| 003 | CHAP | ||
| 005 | 20220329141451.0 | ||
| 008 | 971013s1989 r 00010 d | ||
| 010 | _a68628 | ||
| 011 | _a69600 | ||
| 035 | _a79077 | ||
| 040 | _cCHAP | ||
| 090 | _aTesis | ||
| 100 | 0 | 0 |
_aBautista Gallangos, Luis Enrique. _910909 |
| 245 | _aProducción de frijol (Phaseolus vulgaris L.) bajo diferentes dosis de fertilización y evaluación del desarrollo de tejocote (Crataegus pubescens H.B.K.) en un sistema forestal con suelos someros | ||
| 260 |
_aChapingo, Méx. : _bEl autor, _c1989 |
||
| 300 |
_a122 h. _b: gráfs. |
||
| 500 | _a31-18 | ||
| 502 | _aTesis (Ing. Agrónomo Esp. en Fitotecnia) -- UACH. Departamento de Fitotecnia | ||
| 590 |
_aALEPH _b10 _c20130110 _lUCH01 _h1405 |
||
| 590 |
_aBATCH-UPD _b10 _c20130110 _lUCH01 _h0641 |
||
| 590 |
_aBATCH-UPD _b10 _c20130110 _lUCH01 _h2306 |
||
| 590 |
_aBATCH-UPD _b10 _c20130410 _lUCH01 _h0325 |
||
| 590 |
_aBATCH-UPD _b10 _c20130914 _lUCH01 _h0547 |
||
| 590 |
_aCONVERSION _b10 _c20130109 _lUCH01 _h1338 |
||
| 650 | 1 | 4 |
_aFertilizantes _xEfecto en frijol. _940511 |
| 650 | 1 | 4 |
_aTejocote. _9112033 |
| 700 | 0 |
_aSánchez Pozos, Jaime Issac. _9107767 |
|
| 901 | _aBK | ||
| 942 | _cFOLL | ||
| 949 |
_bBC _cTES _d-31956 _eTS1 _h21607 _i79077 _si |
||
| 949 |
_bBC _cTES _d-95794 _eTS2 _fc.2 _h21608 _i79077 _si |
||
| 999 |
_c68628 _d68628 |
||